00215nam a2200073Ia 4500008004100000082001500041100001100056245007400067240331s9999 xx 000 0 und d a303.6bCOM aDas, V 0aMirrors of violence :bcommunities, riots and survivors in South Asia